Scenario-driven planning : learning to manage stretegic uncertainty

Αποθηκεύτηκε σε:
Λεπτομέρειες βιβλιογραφικής εγγραφής
Κύριος συγγραφέας: Georgantzas, Nicholas C.
Άλλοι συγγραφείς: Acar, William 1940-
Μορφή: Βιβλίο
Γλώσσα:English
Δημοσίευση: London : Quorum Books, c1995
Θέματα:
Ετικέτες: Προσθήκη ετικέτας
Δεν υπάρχουν, Καταχωρήστε ετικέτα πρώτοι!

MARC

LEADER 00000nam a2200000 i 4500
001 1/16633
008 980818s1995 eng d
020 |a 0-89930-825-2 
035 |l 10020266 
040 |a GR-MY-UA  |b gre  |e aacr 
041 0 |a eng 
082 0 |a 658.4012 
100 1 |a Georgantzas, Nicholas C. 
245 1 0 |a Scenario-driven planning :  |b learning to manage stretegic uncertainty /  |c Nicholas C. Georgantzas and William Acar 
260 |a London :   |b Quorum Books,   |c c1995 
300 |a 396 p. 
504 |a Includes bibliographical references and index 
650 0 0 |a Strategic planning. 
650 0 0 |a Risk management. 
700 1 |a Acar, William  |d 1940- 
852 |a INST  |b LESVOS  |e 19980818  |h 658.4012 GEO  |p 005100013469  |q 005100013469  |t BK  |y 0 
901 |a BIBL-1998-2 
909 |a Λ  |b 058837 
922 |a 1ΕΛΗ  |b 199807  |c ΚΠΣ/ΤΠ  |d ΠΑΠΑΣΩΤΗΡΙΟΥ 
950 |a 107-1998-05-19